000 00933nam a2200241 a 4500
005 20090725144516.0
008 081126s2009 nyua 001 0 eng
010 _aENG-94561
020 _c325.00
_a8188231096
035 _aEN-78094
037 _bDBAD / PUB
040 _adpl
_bEnglish
082 _a530
100 _aRao, V. Srinivasa
245 _aJP's EAMCET study material physics-I :
_cby V. Srinivasa Rao
_b(1st year as per the lates syllabus-with comprehensive solutions ) /
250 _a5th ed.
260 _aHyderabad
_bJP Print Systems
_c2008
270 _a113, Nilgiri Block, Aditya Enclave, Ameerpet,
_bHyderabad
_e500038
300 _av.I (704p.)
_c30cm(pbk)
650 _aPhysics
_xExaminations, questions, etc.
942 _2ddc
_cEN
_mRAO
_h530
999 _c28674
_d28674